| 000 | 00916nam a22002057a 4500 | ||
|---|---|---|---|
| 999 |
_c12447 _d12447 |
||
| 003 | AR-CdUCM | ||
| 008 | 190408b ||||| |||| 00| 0 spa d | ||
| 040 |
_aMUNICIPALIDAD PROVINCIAL DEL CUSCO _cBIBLIOTECA MUNICIPAL DEL CUSCO |
||
| 082 |
_a633.76 / _bA79 / 2006 |
||
| 100 |
_aAscue Muniz, René _930295 |
||
| 245 |
_aLa Coca : _bGeografía, historia, cultivo y tradición en las provincias de Calca y la Convención : _cCusco Perú / |
||
| 260 |
_aCusco : _bGraficolors, _c2006. |
||
| 300 |
_a248 páginas ; _bFotografías, cuadros, _c20 cm. |
||
| 505 | _aContenido: Historia y Geografía de las provincias de Calca y la Convención -- La coca -- Aspectos etnologicos de la coca y la cosmovisión andina -- Aspectos botánicos y fisiológicos... | ||
| 650 |
_aCosmovisión Andina _95217 |
||
| 650 |
_aHistoria _9136 |
||
| 650 |
_aAntecedentes de la coca _930296 |
||
| 942 |
_2ddc _cLIBROS |
||
| 945 |
_adavv _d08/04/2019 |
||